Score 0/24 Timer 03:00
0 Plays Today
Hint Answer % Correct
Muhammad ___Ali
99.3%
___ ClausSanta
93.7%
___ da Vinci, the AnnunciationLeonardo
93.6%
Rebel Without a Cause (___ Dean)James
92.8%
___ England Clam ChowderNew
92.3%
___ Soup CansCampbell's
91.1%
___ GretzkyWayne
87.8%
___ SamUncle
85.7%
Gold ___ MonroeMarilyn
83.7%
___ Beatrix of the NetherlandsQueen
83%
___ DoodyHowdy
82.9%
Heinz Tomato ___ BoxKetchup
81.2%
Hint Answer % Correct
___ Bergman, the NunIngrid
80.8%
Teddy ___Roosevelt
78.2%
Sitting ___Bull
78.1%
Sandro Botticelli, Birth of ___Venus
73.3%
The New Spirit (___ Duck)Donald
72.2%
Jane ___Fonda
71%
Camouflage Self-___Portrait
66.8%
Space Fruit: ___Oranges
66.4%
Pine Barrens ___ FrogTree
52.1%
___ Coca-Cola BottlesGreen
51.9%
___ ElvisesEight
51.2%
Grevy's ___Zebra
23.7%

Today's Daily Dose

Remove Ads.
Support Sporcle.
Get the best of Sporcle when you Go Orange. This ad-free experience offers more features, more stats, and more fun while also helping to support Sporcle. Thank you for becoming a member.

You're not logged in!

Compare scores with friends on all Sporcle quizzes.
OR
Log In

Show Comments

Extras

Top Quizzes Today


Score Distribution

Your Account Isn't Verified!

In order to create a playlist on Sporcle, you need to verify the email address you used during registration. Go to your Sporcle Settings to finish the process.

Report this User

Report this user for behavior that violates our Community Guidelines.

Details: